000 01203nam a2200277 4500
001 113579
003 DR-UNIBE
005 20250509163917.0
008 250508b2007 es ||||| |||| 00| 0 spa d
040 _aBIBLIOTECA UNIBE
_cBIBLIOTECA UNIBE
_bspa
_erda
041 _aspa
082 _222
_a349.7284 R426L
110 0 _aRepública de El Salvador. Corte Suprema de Justicia
_9195202
_eautor
245 1 0 _aLíneas y criterios jurisprudenciales Sala de lo civil /
_cCorte Suprema de Justicia ; Centro de Documentación Judicial
250 _aPrimera edición
260 _aSan Salvador:
_bCorte Suprema de Justicia. Sección de Publcaciones,
_c2005
300 _a110 páginas :
_c22 x 134 cm
505 _aMateria civil | Materia de familia | Materia laboral | Materia mercantil
650 7 _2lemb
_aJurisprudencia civil
_zEl Salvador
_9195205
650 7 _2lemb
_aDerecho civil
_ySan Salvador
_9195206
700 1 0 _aLópez de Linares, Roxana Maricela
_9194902
_ediseñador
700 1 0 _aPocasangre Posada, Martín R.
_9194790
_eproducción
700 1 0 _aAquino, Antonio Alberto
_9194982
_ediagramador
_ediseñador de portada
710 1 0 _aCentro de Documentación Judicial
_9195091
942 _2ddc
_cBK
999 _c113579
_d113579